000 00519nam a2200193Ia 4500
003 LDD
008 181029s9999 xx 000 0 und d
020 _a1851683542
_c225.00
040 _cLDD
100 _aEsack, Farid
245 0 _aQuran
_ba user guide
_cFarid Esack
260 _aEngland
_bOneworld
_c2007
300 _aix, 201p.
365 _b225.00
901 _a3843
_b14-02-2007
902 _a7422
_b27-02-2007
_cF
_dVIVA
_e31
903 _aDiscount-10
_bReqst by : Kapur, Tribhuwan (Dr.)
942 _2ddc
_cBK
999 _c78718
_d78718